| 000 | 011540000a22002410004500 | ||
|---|---|---|---|
| 020 | _a978-84-9879-433-5 | ||
| 041 | 0 | _aSPA | |
| 082 | 0 | 4 | _aG 291.17 B7892e |
| 100 | 1 | _aBoyarin, Daniel | |
| 245 | 1 | 0 | _aEspacios Fronterizos : judaísmo y cristianismo en la antigüedad tardía / Daniel Boyarin ; traducción por: Carlos A. Segovia |
| 260 | _aBarcelona, España : Trotta | ||
| 300 | _a419 p. | ||
| 440 | 0 | _aCol. Estructuras y Procesos : Serie Religión | |
| 500 | _aTítulo original en Inglés: The partition of Judaeo - Christianity | ||
| 501 | _arústico | ||
| 505 | 0 | 0 | _aCristianismo y del judaísmo -- Marcando la diferencia: los comienzos heresiológicos del cristianismo y del judaísmo -- La crucifixión del Logos: Cómo se hizo cristiana la teología del logos -- Destellos del logos: En torno a la historia temprana de la religión rabínica. |
| 650 | 1 | 4 | _aCRISTIANISMO Y OTRAS RELIGIONES \ CRISTIANISMO Y JUDAISMO \ CRISTIANISMO - HISTORIA \ JUDAISMO - HISTORIA \ TEOLOGIA CRISTIANA |
| 001 | 18208 | ||
| 942 | _cBK | ||
| 999 |
_c44677 _d44677 |
||
| 336 |
_atexto _btxt _2rdacontent |
||
| 337 |
_2rdamedia _asin mediación _bn |
||
| 338 |
_2rdacarrier _avolumen _bnc |
||